000 01021nam a22003257a 4500
001 0123
003 DO-SdBPM
005 20250722130318.0
007 ta
008 160624b2008 sp | |||| 00| 0 spa d
020 _a9788466320948
040 _aDO-SdBPM
_bspa
_cBPMSU
_erda
082 4 _a813.5
_bT412c 2008
_222
100 1 _aTheroux, Paul,
_d1941-
_eautor
240 _aThe mosquito coast.
_lEepañol
245 1 3 _aLa costa de los mosquitos /
_cPaul Theroux ; traducción de Manuel Sáenz de Heredia
260 _a
264 _aBarcelona :
_bEdiciones. S. L.,
_c2008
300 _a579 páginas ;
_c21 cm.
336 _atexto
_btxt
_2rdacontent
337 _asin mediación
_bn
_2rdamedia
338 _avolumen
_bnc
_2rdacarrier
490 0 _aPunto de lectura,
_v256/1
590 _aInventariado, 2025/VM
650 7 _aNovela estadounidense
650 7 _a Novela de aventuras
700 7 _aSáenz de Heredia, Manuel,
_etraductor
_d
910 _aVMateo V. Control de calidad. BPMSU
942 _2ddc
_cBK
999 _c10566
_d10566